[Event "GBR-ch108 Senior 50+"]
[Site "Torquay"]
[Date "2022.08.11"]
[Round "5.9"]
[White "Littlejohns, David P"]
[Black "Mason, Donald J"]
[Result "0-1"]
[WhiteElo "1943"]
[BlackElo "2104"]
[PlyCount "96"]
[EventDate "2022.08.08"]
[EventType "swiss"]
[EventRounds "7"]
[EventCountry "GBR"]

1. e4 c5 2. c3 Nf6 3. e5 Nd5 4. d4 cxd4 5. Nf3 Nc6 6. cxd4 d6 7. Bc4 Nb6 8. Bb5
d5 9. h3 e6 10. Bg5 Be7 11. Bxe7 Qxe7 12. O-O Bd7 13. Nc3 a6 14. Na4 Nxa4 15.
Bxa4 b5 16. Bb3 a5 17. a3 a4 18. Bc2 O-O 19. Rc1 Na5 20. Qd3 f5 21. Bb1 Nc4 22.
Rc2 b4 23. axb4 Qxb4 24. Qc3 Rfb8 25. Ba2 Qxc3 26. bxc3 Na3 27. Rd2 Bb5 28. Rc1
Bc4 29. Bxc4 Nxc4 30. Ra2 a3 31. Ne1 Rb2 32. Rca1 Rab8 33. Nd3 Rxa2 34. Rxa2
Rb3 35. Kf1 Rb2 36. Ra1 Rb1+ 37. Rxb1 Nd2+ 38. Ke1 Nxb1 39. Nc1 Nxc3 40. Nb3 a2
41. Kd2 Nb5 42. Kd3 f4 43. Na1 g5 44. Nc2 Kf7 45. g3 Ke7 46. g4 Kd7 47. Na1 Kc7
48. Nc2 Kb6 0-1

[Event "GBR-ch108 Senior 50+"]
[Site "Torquay"]
[Date "2022.08.11"]
[Round "5.10"]
[White "Fegan, Chris"]
[Black "Bass, John W"]
[Result "1/2-1/2"]
[WhiteElo "2025"]
[BlackElo "1996"]
[PlyCount "60"]
[EventDate "2022.08.08"]
[EventType "swiss"]
[EventRounds "7"]
[EventCountry "GBR"]

1. e4 e6 2. c4 c5 3. Nf3 Nc6 4. g3 a6 5. Bg2 g6 6. d4 cxd4 7. Nxd4 Bg7 8. Be3
Nge7 9. O-O O-O 10. Nc3 Qc7 11. Rc1 Nxd4 12. Bxd4 Bxd4 13. Qxd4 Nc6 14. Qe3 Rb8
15. f4 f5 16. exf5 gxf5 17. g4 b5 18. gxf5 bxc4 19. Kh1 Kh8 20. fxe6 dxe6 21.
Ne4 Qg7 22. Ng5 Nd4 23. Rxc4 Nf5 24. Qa3 Bb7 25. Bxb7 Qxb7+ 26. Kg1 Qxb2 27.
Qh3 Qb6+ 28. Kh1 Qb7+ 29. Kg1 Qb6+ 30. Kh1 Qb7+ 1/2-1/2

[Event "GBR-ch108 Senior 50+"]
[Site "Torquay"]
[Date "2022.08.11"]
[Round "5.11"]
[White "Shepley, Julien M"]
[Black "Brown, Alan M"]
[Result "1/2-1/2"]
[WhiteElo "1857"]
[BlackElo "2013"]
[PlyCount "72"]
[EventDate "2022.08.08"]
[EventType "swiss"]
[EventRounds "7"]
[EventCountry "GBR"]

1. e4 e6 2. d4 d5 3. e5 c5 4. c3 Qb6 5. Nf3 Nc6 6. Bd3 cxd4 7. O-O Bd7 8. Re1
Nge7 9. Nbd2 dxc3 10. bxc3 Ng6 11. Rb1 Qc7 12. Bxg6 hxg6 13. c4 Be7 14. cxd5
exd5 15. Nb3 Rd8 16. Bf4 O-O 17. Nbd4 Bg4 18. Qd2 Bxf3 19. Nxf3 Qd7 20. Nd4
Nxd4 21. Qxd4 b6 22. Rbc1 Rc8 23. Red1 Rfd8 24. g3 Qg4 25. Kg2 Rc4 26. h3 Qf5
27. Qb2 Rdc8 28. Rxc4 Rxc4 29. Qb5 Qe4+ 30. Kg1 Bc5 31. Qe8+ Kh7 32. Qd8 Rc2
33. Qh4+ Kg8 34. Qd8+ Kh7 35. Qh4+ Kg8 36. Qd8+ Kh7 1/2-1/2

[Event "GBR-ch108 Senior 50+"]
[Site "Torquay"]
[Date "2022.08.11"]
[Round "5.13"]
[White "Kirby, Peter J"]
[Black "Wilson, Edgar"]
[Result "1-0"]
[WhiteElo "2000"]
[BlackElo "1854"]
[PlyCount "91"]
[EventDate "2022.08.08"]
[EventType "swiss"]
[EventRounds "7"]
[EventCountry "GBR"]

1. d4 d5 2. Nf3 Nf6 3. c4 e6 4. g3 Be7 5. Bg2 O-O 6. O-O b6 7. cxd5 exd5 8. Nc3
Bb7 9. Ne5 Na6 10. Bf4 c5 11. dxc5 Nxc5 12. Rc1 Re8 13. Nd3 Rc8 14. Be5 Nfe4
15. Nxc5 Bxc5 16. Nxe4 Rxe5 17. Nc3 Ba6 18. Bf3 Qe8 19. Rc2 Rd8 20. Rd2 d4 21.
a3 Rc8 22. Nb1 g6 23. Re1 d3 24. e3 Bd4 25. Rf1 Bc5 26. Qb3 Bf8 27. Nc3 Bc4 28.
Qd1 Bg7 29. Qa4 b5 30. Qxa7 Re7 31. Qb6 Rb8 32. Qc6 Qxc6 33. Bxc6 b4 34. Nd5
Re6 35. Nxb4 Rxb4 36. axb4 Rxc6 37. Rc1 Bb5 38. Rxc6 Bxc6 39. Rxd3 Kf8 40. Rd6
Ba4 41. Ra6 Bb3 42. b5 Ke7 43. b6 Be5 44. b7 Bd5 45. Ra8 Bxb7 46. Ra7 1-0

[Event "GBR-ch108 Senior 50+"]
[Site "Torquay"]
[Date "2022.08.11"]
[Round "5.14"]
[White "Mueller, Jens"]
[Black "Reuben, Stewart"]
[Result "1/2-1/2"]
[WhiteElo "1879"]
[BlackElo "1946"]
[PlyCount "46"]
[EventDate "2022.08.08"]
[EventType "swiss"]
[EventRounds "7"]
[EventCountry "GBR"]

1. d4 c5 2. d5 e6 3. Nc3 Nf6 4. e4 d6 5. Bb5+ Bd7 6. a4 Be7 7. Nf3 e5 8. O-O
O-O 9. Bxd7 Nbxd7 10. Nd2 Ne8 11. Nc4 Bg5 12. f4 exf4 13. Bxf4 Bxf4 14. Rxf4
Ne5 15. Nxe5 dxe5 16. Rf2 Nd6 17. Qe2 Qb6 18. Nb5 a6 19. Nxd6 Qxd6 20. a5 Rad8
21. c4 Qc7 22. Qd2 Rd6 23. h3 f6 1/2-1/2

[Event "GBR-ch108 Senior 50+"]
[Site "Torquay"]
[Date "2022.08.11"]
[Round "5.15"]
[White "Patrick, David A"]
[Black "Stinton-Brownbridge, Michael H"]
[Result "1/2-1/2"]
[WhiteElo "1803"]
[BlackElo "1895"]
[PlyCount "77"]
[EventDate "2022.08.08"]
[EventType "swiss"]
[EventRounds "7"]
[EventCountry "GBR"]

1. e4 c5 2. c3 g6 3. d4 cxd4 4. cxd4 d5 5. e5 Bg7 6. Nc3 Nc6 7. Nf3 Bg4 8. Be2
e6 9. O-O Nge7 10. Be3 O-O 11. Qd2 Bxf3 12. Bxf3 Nf5 13. Bg4 Nxe3 14. fxe3 a6
15. Rad1 Qb6 16. Na4 Qb4 17. Nc5 Qxd2 18. Rxd2 Bh6 19. Re2 Na5 20. Nd7 Rfd8 21.
Nb6 Nc4 22. Nxc4 dxc4 23. Bf3 Rab8 24. h4 b5 25. g4 a5 26. g5 Bf8 27. Ref2 Rd7
28. h5 b4 29. hxg6 hxg6 30. Bc6 Rc7 31. d5 Bc5 32. Rf3 Rf8 33. Kg2 exd5 34.
Bxd5 Kg7 35. Rh3 Rh8 36. Rxh8 Kxh8 37. Bxc4 Bxe3 38. b3 Kg7 39. Rf6 1/2-1/2

[Event "GBR-ch108 Senior 50+"]
[Site "Torquay"]
[Date "2022.08.11"]
[Round "5.16"]
[White "Josse, Mark"]
[Black "Miller, George I"]
[Result "0-1"]
[WhiteElo "2220"]
[BlackElo "1768"]
[PlyCount "59"]
[EventDate "2022.08.08"]
[EventType "swiss"]
[EventRounds "7"]
[EventCountry "GBR"]

1. d4 d5 2. c4 e6 3. Nc3 c5 4. cxd5 exd5 5. Nf3 Nc6 6. g3 Nf6 7. Bg2 cxd4 8.
Nxd4 Qb6 9. e3 Be6 10. Nxe6 fxe6 11. O-O O-O-O 12. Bh3 Kb8 13. Bg2 h5 14. h3 g5
15. b3 g4 16. h4 Bd6 17. Bb2 Rhf8 18. Rc1 Nd7 19. Qe2 Nde5 20. Na4 Nf3+ 21.
Bxf3 gxf3 22. Qe1 Qc7 23. Kh1 e5 24. Rg1 Qe7 25. Qf1 Rg8 26. Qh3 Rg4 27. Rcd1
Qe6 28. Rge1 Be7 29. Nc3 Rxh4 30. Ra1 0-1

[Event "GBR-ch108 Senior 50+"]
[Site "Torquay"]
[Date "2022.08.11"]
[Round "5.17"]
[White "Kalerwa, Edwin M"]
[Black "Handley, Michael R"]
[Result "0-1"]
[WhiteElo "1653"]
[BlackElo "1975"]
[PlyCount "67"]
[EventDate "2022.08.08"]
[EventType "swiss"]
[EventRounds "7"]
[EventCountry "GBR"]

1. d4 e6 2. c4 f5 3. Nf3 Nf6 4. g3 d5 5. Bg2 Bd6 6. Nc3 c6 7. cxd5 exd5 8. O-O
O-O 9. b3 Ne4 10. Bb2 Be6 11. e3 Nd7 12. Ne2 Qf6 13. Rb1 g5 14. Ne1 Qg6 15. f3
Nef6 16. Nd3 Bc7 17. Nc5 Nxc5 18. dxc5 Nd7 19. b4 Ne5 20. Nd4 Bd7 21. f4 Nc4
22. Bc1 gxf4 23. gxf4 Kh8 24. Rf3 Qh5 25. Qf1 Rg8 26. Kh1 Rg4 27. Rh3 Rh4 28.
Rxh4 Qxh4 29. Nf3 Qf6 30. Qf2 b6 31. Nd2 Kg8 32. Nxc4 dxc4 33. Bb2 Qg6 34. Rg1
0-1

[Event "GBR-ch108 Senior 50+"]
[Site "Torquay"]
[Date "2022.08.11"]
[Round "5.18"]
[White "Bolt, Graham"]
[Black "Homer, Stephen J"]
[Result "0-1"]
[WhiteElo "1951"]
[BlackElo "1932"]
[PlyCount "64"]
[EventDate "2022.08.08"]
[EventType "swiss"]
[EventRounds "7"]
[EventCountry "GBR"]

1. Nf3 c5 2. g3 Nc6 3. Bg2 g6 4. O-O Bg7 5. d3 e5 6. e4 Nge7 7. c3 O-O 8. Be3
d6 9. d4 b6 10. dxe5 dxe5 11. Qc2 Qc7 12. Na3 Ba6 13. Rfd1 Rad8 14. b4 cxb4 15.
cxb4 b5 16. Qc5 Qb7 17. Rxd8 Rxd8 18. Bf1 Nd4 19. Bxd4 exd4 20. Bxb5 Bxb5 21.
Nxb5 d3 22. Rd1 Qxe4 23. Kg2 Rd5 24. Nc3 Bxc3 25. Qxc3 Rd7 26. Qe1 Qb7 27. a3
Nf5 28. Qe5 h5 29. Qf4 Rd4 30. Qe5 Nh4+ 31. gxh4 Rg4+ 32. Kf1 Qxf3 0-1

[Event "GBR-ch108 Senior 50+"]
[Site "Torquay"]
[Date "2022.08.11"]
[Round "5.19"]
[White "Cresswell, Mike J"]
[Black "Barton, R Alan"]
[Result "1/2-1/2"]
[WhiteElo "1606"]
[BlackElo "1926"]
[PlyCount "59"]
[EventDate "2022.08.08"]
[EventType "swiss"]
[EventRounds "7"]
[EventCountry "GBR"]

1. e4 e6 2. d4 d5 3. Nc3 Bb4 4. e5 c5 5. a3 Ba5 6. b4 cxd4 7. Nb5 Bc7 8. f4 Ne7
9. Nxc7+ Qxc7 10. Bd3 Bd7 11. Nf3 Nbc6 12. O-O a6 13. Bb2 Qb6 14. Kh1 g6 15.
Qe1 O-O-O 16. Qf2 Nf5 17. Bxf5 gxf5 18. Nxd4 Kb8 19. Nxc6+ Qxc6 20. Bd4 Rc8 21.
Rfc1 Qa4 22. Bc5 Rhg8 23. Qd4 Ka8 24. g3 h5 25. Qd2 h4 26. Bf2 h3 27. Qd4 Kb8
28. Qa7+ Kc7 29. Qb6+ Kb8 30. Qa7+ 1/2-1/2

[Event "GBR-ch108 Senior 50+"]
[Site "Torquay"]
[Date "2022.08.11"]
[Round "5.21"]
[White "Ingham, H William"]
[Black "Wilson, Matthew R"]
[Result "1/2-1/2"]
[WhiteElo "1842"]
[BlackElo "1743"]
[PlyCount "98"]
[EventDate "2022.08.08"]
[EventType "swiss"]
[EventRounds "7"]
[EventCountry "GBR"]

1. d4 d5 2. e3 Nf6 3. Nf3 e6 4. Bd3 c5 5. b3 b6 6. Qe2 Bb7 7. O-O Be7 8. Nbd2
Ne4 9. Bb2 O-O 10. Ne5 f6 11. Nef3 f5 12. Rad1 Nd7 13. Ne5 Nxe5 14. dxe5 Qe8
15. c4 g5 16. cxd5 exd5 17. Nxe4 fxe4 18. Bb5 Qg6 19. Qg4 Qf5 20. Qxf5 Rxf5 21.
Bd7 Rff8 22. Be6+ Kg7 23. Bxd5 Bxd5 24. Rxd5 Rfd8 25. Rfd1 g4 26. Kf1 Rxd5 27.
Rxd5 Rd8 28. Rxd8 Bxd8 29. Ke2 Kf7 30. Kd2 Ke6 31. Kc3 Kd5 32. b4 cxb4+ 33.
Kxb4 a6 34. Bd4 Be7+ 35. Kc3 b5 36. Kb3 h5 37. a4 bxa4+ 38. Kxa4 Kc4 39. Ka5
Kd3 40. Kb6 Ke2 41. Kc6 Kxf2 42. Bc5 Bg5 43. Kd7 Kxg2 44. Be7 Bxe3 45. e6 Bd2
46. Bd6 Bg5 47. Bf4 Bh4 48. Bg3 Bf6 49. Be5 Bg5 1/2-1/2

[Event "GBR-ch108 Senior 50+"]
[Site "Torquay"]
[Date "2022.08.13"]
[Round "6.1"]
[White "Crocker, Philip J"]
[Black "Motwani, Paul"]
[Result "1/2-1/2"]
[WhiteElo "2107"]
[BlackElo "2420"]
[PlyCount "61"]
[EventDate "2022.08.08"]
[EventType "swiss"]
[EventRounds "7"]
[EventCountry "GBR"]

1. d4 d6 2. e4 Nf6 3. Nc3 g6 4. Be3 c6 5. Qd2 b5 6. Bd3 Nbd7 7. Nf3 e5 8. dxe5
dxe5 9. a4 b4 10. Ne2 Qe7 11. Ng3 Bg7 12. h3 Nc5 13. O-O a5 14. Rfd1 O-O 15.
Bxc5 Qxc5 16. Qe3 Nd7 17. Nf1 Re8 18. N1d2 Qxe3 19. fxe3 Nc5 20. Nb3 Bf8 21.
Nxc5 Bxc5 22. Kf2 Kg7 23. g4 Re7 24. Rg1 Bd7 25. Rad1 Rae8 26. Bc4 Bc8 27. Nd2
Bb6 28. Be2 Rd8 29. Nc4 Rxd1 30. Rxd1 Bc7 31. Nd6 1/2-1/2

[Event "GBR-ch108 Senior 50+"]
[Site "Torquay"]
[Date "2022.08.13"]
[Round "6.2"]
[White "Townsend, M Paul"]
[Black "Dargan, Paul AG"]
[Result "1/2-1/2"]
[WhiteElo "2177"]
[BlackElo "2056"]
[PlyCount "44"]
[EventDate "2022.08.08"]
[EventType "swiss"]
[EventRounds "7"]
[EventCountry "GBR"]

1. d4 Nf6 2. Nf3 e6 3. g3 d5 4. Bg2 Be7 5. O-O O-O 6. c4 dxc4 7. Qc2 a6 8. a4
Bd7 9. Rd1 Bc6 10. Nc3 Bxf3 11. Bxf3 Nc6 12. Bxc6 bxc6 13. a5 Rb8 14. Qa4 Rb4
15. Qxc6 Qd6 16. Qf3 Nd5 17. e4 Nxc3 18. bxc3 Rb3 19. Bf4 Qd7 20. d5 Bb4 21.
Qe2 Bxc3 22. Qxc4 Qb5 1/2-1/2

[Event "GBR-ch108 Senior 50+"]
[Site "Torquay"]
[Date "2022.08.13"]
[Round "6.3"]
[White "Willmoth, Robert F"]
[Black "Duncan, Chris R"]
[Result "0-1"]
[WhiteElo "2117"]
[BlackElo "2178"]
[PlyCount "52"]
[EventDate "2022.08.08"]
[EventType "swiss"]
[EventRounds "7"]
[EventCountry "GBR"]

1. Nf3 d5 2. d4 Nf6 3. c4 c6 4. e3 Bf5 5. Nc3 e6 6. Nh4 Be4 7. f3 Bg6 8. Qb3
Qc7 9. Bd2 Be7 10. g3 dxc4 11. Bxc4 b5 12. Be2 a6 13. Rc1 c5 14. dxc5 Bxc5 15.
Nxg6 hxg6 16. Nxb5 axb5 17. Qxb5+ Nbd7 18. b4 Rxa2 19. bxc5 O-O 20. Qb1 Rxd2
21. Kxd2 Qa5+ 22. Kd1 Rd8 23. Rc4 Nxc5+ 24. Rd4 Nd5 25. Kc1 Qc3+ 26. Qc2 Nb3+
0-1

[Event "GBR-ch108 Senior 50+"]
[Site "Torquay"]
[Date "2022.08.13"]
[Round "6.4"]
[White "Knight, Simon C"]
[Black "Frostick, Clive A"]
[Result "1/2-1/2"]
[WhiteElo "2090"]
[BlackElo "2137"]
[PlyCount "45"]
[EventDate "2022.08.08"]
[EventType "swiss"]
[EventRounds "7"]
[EventCountry "GBR"]

1. d4 d5 2. c4 e6 3. Nf3 Nf6 4. g3 Be7 5. Bg2 O-O 6. O-O dxc4 7. Qa4 a6 8. Qxc4
b5 9. Qc2 Bb7 10. Bg5 Nbd7 11. Rd1 h6 12. Bxf6 Nxf6 13. Nc3 Qc8 14. e4 b4 15.
e5 bxc3 16. exf6 Bxf6 17. bxc3 c5 18. Rab1 Bd5 19. c4 cxd4 20. Nxd4 Bxg2 21.
Kxg2 Bxd4 22. Rxd4 Qc5 23. Qe4 1/2-1/2

[Event "GBR-ch108 Senior 50+"]
[Site "Torquay"]
[Date "2022.08.13"]
[Round "6.6"]
[White "Fraser-Mitchell, Jeremy N"]
[Black "Kirby, Peter J"]
[Result "1/2-1/2"]
[WhiteElo "2080"]
[BlackElo "2000"]
[PlyCount "30"]
[EventDate "2022.08.08"]
[EventType "swiss"]
[EventRounds "7"]
[EventCountry "GBR"]

1. d4 Nf6 2. c4 c6 3. Nc3 d5 4. cxd5 cxd5 5. Nf3 Nc6 6. Bf4 Bf5 7. e3 e6 8. Bb5
Nd7 9. Qa4 Qb6 10. O-O Be7 11. Rfc1 O-O 12. a3 Rfc8 13. b4 a5 14. Bxc6 bxc6 15.
b5 c5 1/2-1/2

[Event "GBR-ch108 Senior 50+"]
[Site "Torquay"]
[Date "2022.08.13"]
[Round "6.8"]
[White "Moyse, Nigel J"]
[Black "Baer, Bruce L"]
[Result "1-0"]
[WhiteElo "1976"]
[BlackElo "1997"]
[PlyCount "112"]
[EventDate "2022.08.08"]
[EventType "swiss"]
[EventRounds "7"]
[EventCountry "GBR"]

1. d4 g6 2. e4 Bg7 3. Nf3 d6 4. Be2 Nf6 5. Nc3 a6 6. a4 Nc6 7. h3 O-O 8. Be3 e5
9. dxe5 Nxe5 10. Nxe5 dxe5 11. Qxd8 Rxd8 12. Bg5 Be6 13. Bg4 Bxg4 14. hxg4 Rd4
15. f3 c6 16. Ke2 Re8 17. Be3 Nd7 18. g5 Bf8 19. Nd1 Rd6 20. Nf2 Be7 21. Ng4
Re6 22. Rad1 Nf8 23. Rd3 b5 24. axb5 axb5 25. Ra1 h5 26. Nf2 f5 27. gxf6 Rxf6
28. Ra7 Rf7 29. Rc7 c5 30. Rd5 Ne6 31. Rb7 b4 32. Rxe5 Bf6 33. Rxf7 Bxe5 34.
Rb7 Bxb2 35. Nd3 Bd4 36. Bxd4 Nxd4+ 37. Kd1 Rd8 38. Kc1 h4 39. Nf4 Rd6 40. Kb2
Rf6 41. Nd5 Rf7 42. Rb6 Kg7 43. e5 Nxf3 44. e6 Ne5 45. exf7 Nc4+ 46. Kc1 Nxb6
47. Nxb6 Kxf7 48. Nd7 g5 49. Kd1 Ke6 50. Nxc5+ Kd5 51. Nd3 g4 52. Nxb4+ Ke4 53.
Ke2 Kd4 54. Kd2 Ke4 55. Nd3 Kd5 56. Ke3 h3 1-0

[Event "GBR-ch108 Senior 50+"]
[Site "Torquay"]
[Date "2022.08.13"]
[Round "6.9"]
[White "Brown, Alan M"]
[Black "Brusey, Alan W"]
[Result "1-0"]
[WhiteElo "2013"]
[BlackElo "1994"]
[PlyCount "87"]
[EventDate "2022.08.08"]
[EventType "swiss"]
[EventRounds "7"]
[EventCountry "GBR"]

1. d4 d5 2. Nf3 Nc6 3. Bf4 Bg4 4. e3 f6 5. h3 Bxf3 6. Qxf3 e5 7. dxe5 fxe5 8.
Bg3 Nf6 9. Bb5 e4 10. Qd1 Bd6 11. Bxd6 Qxd6 12. O-O O-O 13. c4 Ne5 14. cxd5
Nxd5 15. Nd2 Qg6 16. Be2 Rad8 17. Qc2 Nd3 18. Qb3 Nc5 19. Qc4 b6 20. b4 Nd3 21.
a3 Kh8 22. Bxd3 exd3 23. Rad1 c6 24. Nb3 Ne7 25. Rd2 Nf5 26. Rfd1 b5 27. Qg4
Qf7 28. Nc5 h5 29. Qf4 Qe7 30. Qe4 Qg5 31. Rxd3 Rde8 32. Qf4 Qxf4 33. exf4 Re2
34. Nd7 Rfe8 35. Ne5 Rc2 36. Rd7 a6 37. Ra7 c5 38. bxc5 Rxc5 39. Rdd7 Rg8 40.
g4 hxg4 41. hxg4 Nh4 42. Rd3 g5 43. Nf7+ Kg7 44. Nxg5+ 1-0

[Event "GBR-ch108 Senior 50+"]
[Site "Torquay"]
[Date "2022.08.13"]
[Round "6.10"]
[White "Goater, Kevin P"]
[Black "Mueller, Jens"]
[Result "1/2-1/2"]
[WhiteElo "2065"]
[BlackElo "1879"]
[PlyCount "93"]
[EventDate "2022.08.08"]
[EventType "swiss"]
[EventRounds "7"]
[EventCountry "GBR"]

1. d4 g6 2. e4 Bg7 3. Nc3 c5 4. d5 d6 5. Be3 Nf6 6. Bb5+ Bd7 7. Be2 b5 8. Bf3
b4 9. Nce2 Bb5 10. Nh3 Nbd7 11. Ng3 Ne5 12. Be2 Qd7 13. O-O h5 14. f3 a5 15.
Nf2 a4 16. h3 O-O 17. Rb1 Nc4 18. Bc1 Rfb8 19. Bd3 Nb6 20. b3 a3 21. Qe2 Bxd3
22. cxd3 Ne8 23. Rd1 Nc7 24. Qc2 Nb5 25. Ne2 e6 26. dxe6 Qxe6 27. Be3 Rc8 28.
Rf1 Nd7 29. Qd2 Nc3 30. Rbc1 Nxe2+ 31. Qxe2 Ne5 32. f4 Nc6 33. g4 Nd4 34. Bxd4
Bxd4 35. f5 Qe5 36. Qf3 hxg4 37. hxg4 g5 38. Kg2 Kg7 39. Nh1 f6 40. Ng3 Rh8 41.
Nh5+ Kf7 42. Rh1 Rad8 43. Ng3 Bb2 44. Rc2 Rxh1 45. Kxh1 Rh8+ 46. Nh5 Bc3 47.
Kg2 1/2-1/2

[Event "GBR-ch108 Senior 50+"]
[Site "Torquay"]
[Date "2022.08.13"]
[Round "6.11"]
[White "Stinton-Brownbridge, Michael H"]
[Black "Fegan, Chris"]
[Result "1/2-1/2"]
[WhiteElo "1895"]
[BlackElo "2025"]
[PlyCount "102"]
[EventDate "2022.08.08"]
[EventType "swiss"]
[EventRounds "7"]
[EventCountry "GBR"]

1. d4 Nf6 2. c4 g6 3. Nc3 d5 4. cxd5 Nxd5 5. e4 Nxc3 6. bxc3 Bg7 7. Bc4 O-O 8.
Ne2 c5 9. Be3 Nc6 10. Rc1 cxd4 11. cxd4 Qa5+ 12. Kf1 b5 13. Bd5 Bb7 14. Bxc6
Bxc6 15. Rxc6 Qxa2 16. g3 f5 17. Nc3 Qf7 18. Qf3 b4 19. Nd5 b3 20. Kg2 e6 21.
Rc7 Qe8 22. Rxg7+ Kxg7 23. Nc7 Qc6 24. Qf4 Qxe4+ 25. Qxe4 fxe4 26. Rb1 Rab8 27.
Nxe6+ Kf7 28. Nxf8 Kxf8 29. Bd2 Rb5 30. Kf1 Kf7 31. Ke2 Ke6 32. Ra1 a5 33. Bxa5
b2 34. Rb1 Rxa5 35. Rxb2 Kd5 36. Rd2 Ra4 37. Ke3 Ra3+ 38. Kf4 Rf3+ 39. Kg4 Rd3
40. Re2 Rf3 41. h4 Kxd4 42. h5 gxh5+ 43. Kxh5 e3 44. fxe3+ Kd3 45. Re1 Rxg3 46.
e4 Rg6 47. e5 Kd2 48. Re4 Kd3 49. Re1 Kd2 50. Re4 Kd3 51. Re1 Kd2 1/2-1/2

[Event "GBR-ch108 Senior 50+"]
[Site "Torquay"]
[Date "2022.08.13"]
[Round "6.12"]
[White "Bass, John W"]
[Black "Shepley, Julien M"]
[Result "1/2-1/2"]
[WhiteElo "1996"]
[BlackElo "1857"]
[PlyCount "69"]
[EventDate "2022.08.08"]
[EventType "swiss"]
[EventRounds "7"]
[EventCountry "GBR"]

1. d4 d5 2. Nf3 c5 3. e3 Nf6 4. b3 e6 5. Bd3 Nc6 6. O-O Nb4 7. Be2 Qc7 8. c3
Nc6 9. Bb2 b6 10. Nbd2 Bb7 11. Rc1 Rc8 12. c4 Qb8 13. cxd5 exd5 14. Ne5 Be7 15.
f4 O-O 16. a3 Rcd8 17. Bd3 Nxe5 18. fxe5 Ne4 19. Nxe4 dxe4 20. Bc4 cxd4 21.
exd4 Bg5 22. Rc2 Bh6 23. Kh1 e3 24. Qd3 b5 25. Bxb5 Be4 26. Qxe4 Qxb5 27. Rd1
Qxb3 28. Qd3 Qd5 29. Bc1 Rfe8 30. h3 g6 31. Re2 Rxe5 32. Bxe3 Rxe3 33. Rxe3
Bxe3 34. Qxe3 Kg7 35. Kg1 1/2-1/2

[Event "GBR-ch108 Senior 50+"]
[Site "Torquay"]
[Date "2022.08.13"]
[Round "6.13"]
[White "Reuben, Stewart"]
[Black "Patrick, David A"]
[Result "1-0"]
[WhiteElo "1946"]
[BlackElo "1803"]
[PlyCount "91"]
[EventDate "2022.08.08"]
[EventType "swiss"]
[EventRounds "7"]
[EventCountry "GBR"]

1. c4 g6 2. Nc3 Bg7 3. e4 d6 4. d4 e5 5. Be3 Nc6 6. Nge2 f5 7. f4 Nh6 8. dxe5
dxe5 9. Qxd8+ Nxd8 10. fxe5 Ng4 11. Bg1 Nxe5 12. Nd4 fxe4 13. Nd5 O-O 14. Nxc7
Rb8 15. Ndb5 Be6 16. Bxa7 Rxf1+ 17. Rxf1 Nd3+ 18. Kd1 Bg4+ 19. Kc2 Rc8 20. Rab1
Nc6 21. Bb6 Be2 22. Nd6 Rxc7 23. Bxc7 Nd4+ 24. Kd2 Bh6+ 25. Kc3 Bg7 26. Ne8
Nb5+ 27. Kd2 Bxf1 28. cxb5 Bh6+ 29. Kc3 Bxg2 30. Nd6 Bg7+ 31. Kb3 e3 32. Nc4 e2
33. Bg3 Nc5+ 34. Kb4 Nd3+ 35. Ka5 Bd4 36. Be1 Bf2 37. Bxf2 Nxf2 38. Re1 Bf1 39.
Ne3 Nd3 40. Nxf1 Nxe1 41. Ng3 Nf3 42. Nxe2 Nxh2 43. Kb6 Nf3 44. Kxb7 h5 45. b6
h4 46. Kc7 1-0

[Event "GBR-ch108 Senior 50+"]
[Site "Torquay"]
[Date "2022.08.13"]
[Round "6.14"]
[White "Kennedy, Craig"]
[Black "Littlejohns, David P"]
[Result "1-0"]
[WhiteElo "1873"]
[BlackElo "1943"]
[PlyCount "97"]
[EventDate "2022.08.08"]
[EventType "swiss"]
[EventRounds "7"]
[EventCountry "GBR"]

1. e4 c6 2. Bc4 d5 3. Bb3 e6 4. e5 h5 5. d4 c5 6. c3 Nc6 7. Nf3 g6 8. O-O cxd4
9. cxd4 Nh6 10. Nc3 Nf5 11. Bg5 Be7 12. Bxe7 Qxe7 13. Bc2 Bd7 14. Re1 a6 15.
Qd2 Rc8 16. Rac1 Na7 17. b3 Bc6 18. Ne2 Kd7 19. Bxf5 gxf5 20. Nf4 Kc7 21. Qa5+
Kb8 22. Nd3 Qd8 23. Qxd8 Rcxd8 24. Nc5 Rhg8 25. a4 Rg7 26. Kf1 Rdg8 27. g3 Rc8
28. Ke2 Be8 29. Ke3 Nc6 30. h4 a5 31. Nd3 Ne7 32. Ng5 Rxc1 33. Rxc1 Rg8 34. Nh7
Bc6 35. Nf4 Ng6 36. Nxh5 Kc7 37. N7f6 Rb8 38. Nf4 Nh8 39. f3 b5 40. axb5 Rxb5
41. Rc3 Kb6 42. g4 fxg4 43. fxg4 Rb4 44. Nd3 Rb5 45. h5 a4 46. bxa4 Rb1 47. Nc5
Ra1 48. Rb3+ Kc7 49. Rb4 1-0

[Event "GBR-ch108 Senior 50+"]
[Site "Torquay"]
[Date "2022.08.13"]
[Round "6.15"]
[White "Homer, Stephen J"]
[Black "Kalerwa, Edwin M"]
[Result "1-0"]
[WhiteElo "1932"]
[BlackElo "1653"]
[PlyCount "63"]
[EventDate "2022.08.08"]
[EventType "swiss"]
[EventRounds "7"]
[EventCountry "GBR"]

1. e4 c6 2. d4 d5 3. e5 Bf5 4. Nd2 e6 5. Nb3 h6 6. Be3 Nd7 7. Nf3 Ne7 8. Be2
Bh7 9. g4 b5 10. Nc5 a5 11. Nb7 Qc7 12. Nd6+ Kd8 13. Nxf7+ Kc8 14. Nxh8 Bg8 15.
Bd3 Nb6 16. b3 Kb7 17. Ng6 Nxg6 18. Bxg6 a4 19. O-O Be7 20. Nd2 Nd7 21. c4 c5
22. f4 a3 23. cxb5 Qa5 24. Qe2 cxd4 25. Bxd4 Bb4 26. Nf3 Rf8 27. Qe3 Qxb5 28.
Rac1 Rd8 29. Rc2 Nf8 30. Bd3 Qd7 31. Rfc1 Ba5 32. Rc5 1-0

[Event "GBR-ch108 Senior 50+"]
[Site "Torquay"]
[Date "2022.08.13"]
[Round "6.16"]
[White "Miller, George I"]
[Black "Wilson, Edgar"]
[Result "0-1"]
[WhiteElo "1768"]
[BlackElo "1854"]
[PlyCount "86"]
[EventDate "2022.08.08"]
[EventType "swiss"]
[EventRounds "7"]
[EventCountry "GBR"]

1. c4 e6 2. d4 d5 3. Nf3 Nf6 4. g3 Be7 5. Bg2 O-O 6. O-O b6 7. cxd5 exd5 8. Nc3
Bb7 9. Ne5 Na6 10. Qa4 Qe8 11. Bg5 c6 12. Rac1 Nc7 13. Rfe1 Ne6 14. Bxf6 Bxf6
15. e4 Bxe5 16. dxe5 d4 17. Nb1 c5 18. Qd1 Qc6 19. f4 Rfe8 20. Nd2 Ba6 21. Qg4
Kh8 22. f5 Nf8 23. e6 fxe6 24. e5 exf5 25. Qxg7+ Kxg7 26. Bxc6 Rac8 27. Bxe8
Rxe8 28. b4 Ne6 29. bxc5 bxc5 30. Nc4 Rb8 31. Kf2 Kg6 32. a3 Kg5 33. h3 h5 34.
Re2 Rb3 35. Rb2 Bxc4 36. Rcb1 Rxb2+ 37. Rxb2 Bd5 38. Rb8 f4 39. h4+ Kf5 40. Rh8
fxg3+ 41. Kxg3 d3 42. Kf2 Ke4 43. Rxh5 d2 0-1

[Event "GBR-ch108 Senior 50+"]
[Site "Torquay"]
[Date "2022.08.13"]
[Round "6.17"]
[White "Winter, Kevin"]
[Black "McCarron, Peter DJ"]
[Result "1/2-1/2"]
[WhiteElo "1689"]
[BlackElo "1616"]
[PlyCount "29"]
[EventDate "2022.08.08"]
[EventType "swiss"]
[EventRounds "7"]
[EventCountry "GBR"]

1. e4 d5 2. exd5 Qxd5 3. Nc3 Qd6 4. d4 c6 5. Nf3 Nf6 6. Bc4 Bg4 7. Be3 e6 8. h3
Bxf3 9. Qxf3 Qc7 10. O-O Bd6 11. a3 Nbd7 12. b4 a6 13. Bd3 O-O 14. Qd1 Rfe8 15.
Nb1 1/2-1/2

[Event "GBR-ch108 Senior 50+"]
[Site "Torquay"]
[Date "2022.08.13"]
[Round "6.18"]
[White "Handley, Michael R"]
[Black "Ingham, H William"]
[Result "1-0"]
[WhiteElo "1975"]
[BlackElo "1842"]
[PlyCount "62"]
[EventDate "2022.08.08"]
[EventType "swiss"]
[EventRounds "7"]
[EventCountry "GBR"]

1. d4 d6 2. e4 Nf6 3. Nc3 c6 4. f4 Qa5 5. Bd3 e5 6. Nf3 Bg4 7. Be3 Qb4 8. a3
Qb6 9. Qd2 exf4 10. Bxf4 Bxf3 11. gxf3 Qxd4 12. O-O-O Nbd7 13. Be3 Qe5 14. Bc4
Be7 15. Rhg1 g6 16. Rg5 Nxe4 17. fxe4 Bxg5 18. Bxg5 Nb6 19. Ba2 O-O 20. Bf4 Qh5
21. Bxd6 Rfd8 22. Qf4 Rd7 23. Rf1 g5 24. Rg1 h6 25. h4 Kh7 26. hxg5 Rg8 27.
Qf5+ Qg6 28. Bf4 Qxf5 29. exf5 hxg5 30. Bxg5 Rg7 31. Ne4 Kh8 1-0